Not going out characters Quiz Stats

 Plays Quiz not verified by Sporcle

Challenge
Share
Tweet
Embed
Score 0/10 Timer 05:00
0 Plays Today
actor character % Correct
Lee MackLee
99.6%
Tim VineTim
99%
Sally BrettonLucy
96.1%
Katy WixDaisy
87%
Miranda HartBarbara
80.5%
Megan DoddsKate
75.8%
Timothy West/Geoffrey whitheadGeoffrey
66.7%
Simon DuttonGuy
61.2%
Bobby BallFrank
57.5%
Deborah AdamsWendy
41.5%

You're not logged in!

Compare scores with friends on all Sporcle quizzes.
Join for Free
OR
Log In

You Might Also Like...

Show Comments

Extras

Created Aug 13, 2011ReportNominate
Tags:Actor Quiz, appearance, character

Top Quizzes Today


Score Distribution

Your Account Isn't Verified!

In order to create a playlist on Sporcle, you need to verify the email address you used during registration. Go to your Sporcle Settings to finish the process.

Report this User

Report this user for behavior that violates our Community Guidelines.

Details: